Bayern Munich Squad 2020/21 - Statistics

General Stats
  • This quiz has been taken 76 times
  • The average score is 19 of 27
Answer Stats
Number Position Nation Player % Correct
1 GK Germany Manuel Neuer
98%
19 DF Canada Alphonso Davies
94%
6 MF Germany Joshua Kimmich
94%
7 FW Germany Serge Gnabry
94%
9 FW Poland Robert Lewandowski
92%
27 DF Austria David Alaba
90%
10 FW Germany Leroy Sane
90%
5 DF France Benjamin Pavard
89%
17 DF Germany Jerome Boateng
85%
25 FW Germany Thomas Muller
85%
13 FW Cameroon Eric Maxim Choupo-Moting
84%
29 FW France Kingsley Coman
82%
21 DF France Lucas Hernandez
82%
4 DF Germany Niklas Sule
82%
18 MF Germany Leon Goretzka
77%
8 MF Spain Javi Martinez
73%
11 FW Brazil Douglas Costa
71%
24 MF France Corentin Tolisso
68%
42 FW England Jamal Musiala
63%
22 MF Spain Marc Roca
48%
35 GK Germany Alexander Nubel
45%
14 FW Netherlands Joshua Zirkzee
40%
20 DF France Bouna Sarr
37%
41 DF United States Chris Richards
35%
23 DF France Tanguy Nianzou
32%
39 GK Germany Ron-Thorben Hoffmann
26%
28 MF Portugal Tiago Dantas
21%
No matching quizzes found
Score Distribution
Percent of People with Each Score
Percentile by Number Answered
Your Score History
You have not taken this quiz